| 000 | 00624nac a22001931u 4500 | ||
|---|---|---|---|
| 010 | _a 94037155 | ||
| 020 | _a0827365950 : | ||
| 082 | 0 | 0 |
_a697.4 _bSIE |
| 090 |
_c8455 _d8455 |
||
| 100 | _aSiegenthaler, John. | ||
| 245 | 1 | 0 |
_aModern hydronic heating for residential and light commercial buildings / _cJohn Siegenthaler. |
| 260 |
_aAlbany : _bDelmar Publishers,1995 _cc1995. |
||
| 300 |
_axi, 449 p. : _bill. ; _c29 cm. |
||
| 500 | _aIncludes index. | ||
| 500 | _aDistributer: Al-Ahram | ||
| 511 | _aCatalogued by: Sara | ||
| 650 | 0 | _aHot-water heating. | |
| 942 |
_cBB _k697.4SIE |
||
| 999 |
_c8455 _d8455 |
||